Zeleň měst a její úloha ve světle klimatické změny

Vymedzenie pojmu verejný priestor na území s pamiatkovými hodnotami. Funkcie, význam a poloha.

Na minha lista:
Detalhes bibliográficos
Autor principal: Pondělíček, Michal
Formato: Capítulo de Livro
Idioma:tcheco
Assuntos:
Tags: Adicionar Tag
Sem tags, seja o primeiro a adicionar uma tag!

MARC

LEADER 00000nla a2200000 4500
001 0194799
005 20240417075050.9
041 0 |a cze 
044 |a CZ 
245 1 0 |a Zeleň měst a její úloha ve světle klimatické změny  |c Michal Pondělíček 
520 |a Vymedzenie pojmu verejný priestor na území s pamiatkovými hodnotami. Funkcie, význam a poloha. 
610 2 0 |a ekonomika priestorová 
610 2 0 |a mestá 
610 2 0 |a zmeny klimatické 
610 2 0 |a prostredie životné 
610 2 0 |a urbanizmus 
610 2 0 |a pamiatky 
100 1 |a Pondělíček, Michal